|
|
|
|
| LEADER |
00000nam0a2200000 4500 |
| 001 |
365872 |
| 005 |
20231102011827.0 |
| 035 |
|
|
|a (RuTPU)RU\TPU\retro\23235
|
| 090 |
|
|
|a 365872
|
| 100 |
|
|
|a 20220125d1979 km y0rusy50 ca
|
| 101 |
0 |
|
|a rus
|
| 102 |
|
|
|a UA
|
| 105 |
|
|
|a a z 001zy
|
| 200 |
1 |
|
|a Вопросы геологии нефтегазоносных провинций
|e сборник научных трудов
|f Академия наук Украинской ССР, Институт геологии и геохимии горючих ископаемых ; под ред. Г. Н. Доленко
|
| 210 |
|
|
|a Киев
|c Наукова думка
|d 1979
|
| 215 |
|
|
|a 140 с.
|c ил.
|
| 320 |
|
|
|a Библиогр. в конце ст.
|
| 606 |
1 |
|
|a Нефтегазоносность
|2 stltpush
|3 (RuTPU)RU\TPU\subj\45590
|9 64783
|
| 610 |
1 |
|
|a нефтяная геология
|
| 610 |
1 |
|
|a нефтяные месторождения
|
| 610 |
1 |
|
|a перспективная оценка
|
| 610 |
1 |
|
|a Украина
|
| 675 |
|
|
|a 553.98
|v 4
|
| 702 |
|
1 |
|a Доленко
|b Г. Н.
|4 340
|
| 712 |
0 |
2 |
|a Академия наук Украинской ССР
|b Институт геологии и геохимии горючих ископаемых
|2 stltpush
|3 (RuTPU)RU\TPU\col\11474
|9 25115
|
| 801 |
|
1 |
|a RU
|b 63413507
|c 20220125
|
| 942 |
|
|
|c BK
|